| 000 | 02114 a2200361 4500 | ||
|---|---|---|---|
| 003 | OSt | ||
| 005 | 20140725124234.0 | ||
| 008 | 140725b xxu||||| |||| 00| 0 eng d | ||
| 050 |
_aDT433.522.K46 _bN49 2010 |
||
| 100 | _aHillary Ng'weno | ||
| 650 | _aPolitical activists | ||
| 650 | _aLabor union members | ||
| 245 |
_aMakers of a nation : Dennis Akumu / _bthe men and women in Kenya’s history. _ca Nation Media Group/Kenya History & Biographies Co. Ltd. co-production ; written, produced and directed by Hilary Ng’weno. |
||
| 246 | _aDennis Akumu | ||
| 260 |
_aNairobi : _bNTV, _c2010 |
||
| 300 |
_a1 videodisc of 1 (DVD-R, PAL) (ca. 30 min.) : _bsd., col. ; _c4 3/4 in. |
||
| 490 | _aKenyan heritage series | ||
| 500 | _aSummary from container. | ||
| 500 | _aPartially viewed for credits. | ||
| 500 | _aSources used: videodisc container; cataloging record from OvOp field office. | ||
| 508 | _aEditors, Chris Sang’, Janerose Maroa ; production coordinator, Alice Kageni ; researcher, Samuel Murunga ; production assistant, Clifford Akumu ; audio recording, Davis Mwasaru, Fidel Maithya, Andrew Karani ; cameraman, Jeff Sauke ; graphic designer, Dickson Wambari ; executive producers, Joseph Odindo, Charles Obbo, Ian Fernandes ; co-executive producer, Sharleen Samat. | ||
| 511 | _aNarrator: Lorna Dias. | ||
| 520 | _aThis is the story of the life and times of Dennis Akumu, the veteran left-leaning trade unionist who was an ally of Kenya’s first vice president Oginga Odinga in his battles against the western-leaning leader of the country’s first national labour organisation, the Kenya Federation of Labour as well as secretary general of the ruling Kenya African National Union (KANU). | ||
| 600 | _aAkumu, J. Dennis. | ||
| 650 |
_vBiography. _zKenya |
||
| 650 |
_vBiography. _zKenya |
||
| 700 |
_4Ngʼweno, Hilary, _edirection, _eproduction, _ewriting. |
||
| 700 |
_4Dias, Lorna, _enarration. |
||
| 710 | _4NTV (Television station : Nairobi, Kenya) | ||
| 710 | _4Nation Media Group Limited. | ||
| 710 | _4Kenya History & Biographies Co. Ltd. | ||
| 942 |
_cCD _2lcc |
||
| 999 |
_c42151 _d42151 |
||